Ako podnikať
Z obsahu: Nábor ľudí. Psychotesty sú užitočné, ale netreba ich preceňovať. Ako začať kariéru. Nečakané hlavolamy na pracovnom pohovore. Efektívny predajca - poradiť aj predávať. Poradenstvo.
Na minha lista:
| Formato: | Capítulo de Livro |
|---|---|
| Idioma: | eslovaco |
| Assuntos: | |
| Tags: |
Sem tags, seja o primeiro a adicionar uma tag!
|
MARC
| LEADER | 00000naa$a2200000$$$4500 | ||
|---|---|---|---|
| 001 | 0051816 | ||
| 005 | 20231009084347.2 | ||
| 041 | 0 | |a slo | |
| 044 | |a SK | ||
| 245 | 1 | 0 | |a Ako podnikať |
| 520 | |a Z obsahu: Nábor ľudí. Psychotesty sú užitočné, ale netreba ich preceňovať. Ako začať kariéru. Nečakané hlavolamy na pracovnom pohovore. Efektívny predajca - poradiť aj predávať. Poradenstvo. | ||
| 610 | 2 | 0 | |a podnikanie |
| 610 | 2 | 0 | |a nábor pracovníkov |
| 610 | 2 | 0 | |a testy |
| 610 | 2 | 0 | |a testy psychologické |
| 610 | 2 | 0 | |a prijímanie pracovníkov |
| 610 | 2 | 0 | |a predajcovia |
| 610 | 2 | 0 | |a poradenstvo |